Представление документа в формате RUSMARC

ПолеНазваниеЗначение
  Тип записи a
  Библиографический уровень a
001 Контрольный номер UONB/MAIN/1b33a6ecb4384a6b9c70cc6832b19fad
005 Дата корректировки 20260512140643.7
100 Данные общей обработки __
a Данные общей обработки 20260512 ||| 0rusy0189 ca
101 Язык документа 0_
a Язык текста rus
102 Страна публикации __
a Страна публикации RU
200 Заглавие и сведения об ответственности 1_
a Заглавие Встреча протоиерея Алексия Исаева с кадетским классом в селе Средняя Якушка
203 Вид содержания и тип средства __
a Вид содержания Текст
b Характеристика содержания визуальный
c Тип средства непосредственный
215 Физическое описание __
c Иллюстрации/тип воспроизводства ил., портр.
330 Аннотация __
a Аннотация В селе Средняя Якушка прошла встреча учеников кадетской школы с протоиереем Алексием Исаевым.
461 Уровень набора _0
1 2000
a Звезда
463 Уровень физической единицы _0
1 2000
a № 13 (10545) (27 марта)
v С. 4
1 2101
d 2026
1 001UONB/MAIN/04e8a1531a0c477497866f6d966ce120
600 Персоналии _1
a Персоналии (Фамилия) Исаев
b Персоналии (Имя, инициалы) Алексий
607 Географические рубрики __
a Географическое наименование Средняя Якушка, село (Новомалыклинский район ; Ульяновская область)
610 Ключевые слова 0_
a Ключевые слова протоиереи; встречи; священники; кадетские школы; севастийские мученики
686 Индексы других классификаций __
a Классификационный индекс 86.37
2 Код системы rubbk
801 Источник записи _0
a Страна RU
b Организация Ульяновская ОНБ
c Дата составления 20260512
g Правила каталогизации RCR
801 Источник записи _1
a Страна RU
b Организация Ульяновская ОНБ
c Дата составления 20260512
g Правила каталогизации RCR
901 Тип документа __
t Тип документа f
w Контрольный № источника UONB/MAIN/04e8a1531a0c477497866f6d966ce120
909 Создатель записи __
a Создатель записи Логинова
b Дата создания записи 20260512